000 00631 a2200253 4500
999 _c115189
_d115189
003 BJBSDDR
005 20230411090720.0
007 ta
008 260421s2007 nyu||||| |||| 00| 0 eng d
020 _a9780060891350
020 _a0060891351
040 _bspa
_cBJBSDDR
041 _aeng
050 1 4 _aQH 308.2
_bO16s 2007
082 0 0 _a570
100 1 _aOchoa, George
245 1 0 _aScience 101 :
_bbiology /
_cGeorge Ochoa
246 3 0 _aScience one hundred one.
260 _aNew York :
_bHydra Pub.,
_c2007
300 _a218 p. :
_bill. ;
_c24 cm
650 4 _96160
_aBiologĂ­a
942 _2lcc
_cBK
946 _idpf